| 000 | 00661nam a2200217 4500 | ||
|---|---|---|---|
| 003 | OSt | ||
| 005 | 20240729002446.0 | ||
| 006 | a | ||
| 008 | 240729b |||||||| |||| 00| 0 eng d | ||
| 020 | _a0763720356 | ||
| 040 |
_aDWCL-HMN lib. _cOC |
||
| 082 | _aCirc. 616.994347 B917o 2003 | ||
| 100 | _aBub, David S. | ||
| 245 | _a100 questions & answers about colorectal cancer / | ||
| 260 |
_aSudbury, Mass. : _bJones and Bartlett Pub, _cc2003. |
||
| 300 |
_avi, _b278 p. : ill. ; _c23 cm. |
||
| 504 | _aIncludes index. | ||
| 650 | _a1. Colon (Anatomy)-Cancer-Popular works. | ||
| 650 | _a2. Rectum-Cancer-Popular works. | ||
| 942 |
_2ddc _n0 _cBK-CIRC _kCirc. |
||
| 999 |
_c2868 _d2868 |
||